{"text_format":"3","workbook":"xlsx","n_sheets":1,"sheets":["t242"],"read":"whole","date_system":"1900"}

{"sheet":"t242","index":0,"n_rows":190,"n_cols":7,"rows_kept":190,"merged":[[0,0,0,6],[30,0,30,5],[51,0,51,5],[148,0,148,5]]}
["TABELA 242.1 - Estatísticas Agrícolas, Município de Ipiguá, Estado de São Paulo, 2007/08."]
["ITEM","UNIDADE","N.DE UPAs","MÍNIMO","MÉDIO","MÁXIMO","TOTAL"]
["Distância à sede do município","km",304,0.1,{"v":5.13,"d":"5.1"},{"v":15,"d":"15.0"},"-"]
["Área total","hectare",304,0.7,{"v":42.16,"d":"42.2"},435.6,{"v":12817.7,"d":"12,817.7"}]
["Área com cultura perene","hectare",72,0.2,{"v":20.76,"d":"20.8"},155.2,{"v":1494.4,"d":"1,494.4"}]
["Área com cultura temporária","hectare",131,0.1,{"v":22.73,"d":"22.7"},{"v":246,"d":"246.0"},{"v":2977.5,"d":"2,977.5"}]
["Área com pastagem","hectare",260,0.8,{"v":27.28,"d":"27.3"},420.3,{"v":7093.6,"d":"7,093.6"}]
["Área com reflorestamento","hectare",42,0.1,{"v":3.44,"d":"3.4"},72.6,144.3]
["Área com vegetação natural","hectare",105,0.1,{"v":3.68,"d":"3.7"},96.8,386.6]
["Área com vegetação de brejo e várzea","hectare",150,0.1,{"v":2.86,"d":"2.9"},33.8,429.7]
["Área em descanso","hectare",15,0.1,{"v":0.91,"d":"0.9"},3.3,13.7]
["Área complementar","hectare",264,0.1,{"v":1.05,"d":"1.1"},{"v":72,"d":"72.0"},277.9]
["Área das UPAs com (0, 1] ha","hectare",1,0.7,0.7,0.7,0.7]
["Área das UPAs com (1, 2] ha","hectare",7,1.2,{"v":1.71,"d":"1.7"},{"v":2,"d":"2.0"},{"v":12,"d":"12.0"}]
["Área das UPAs com (2, 5] ha","hectare",45,2.2,{"v":3.44,"d":"3.4"},4.8,154.6]
["Área das UPAs com (5, 10] ha","hectare",33,5.2,{"v":7.78,"d":"7.8"},9.6,256.8]
["Área das UPAs com (10, 20] ha","hectare",67,10.2,{"v":14.62,"d":"14.6"},19.3,979.7]
["Área das UPAs com (20, 50] ha","hectare",87,20.4,{"v":32.81,"d":"32.8"},48.4,{"v":2854.8,"d":"2,854.8"}]
["Área das UPAs com (50, 100] ha","hectare",30,50.8,{"v":74.38,"d":"74.4"},99.2,{"v":2231.5,"d":"2,231.5"}]
["Área das UPAs com (100, 200] ha","hectare",24,101.6,{"v":136.91,"d":"136.9"},193.6,{"v":3285.8,"d":"3,285.8"}]
["Área das UPAs com (200, 500] ha","hectare",10,{"v":215,"d":"215.0"},{"v":304.18,"d":"304.2"},435.6,{"v":3041.8,"d":"3,041.8"}]
["Área das UPAs com (500, 1.000] ha","hectare","-","-","-","-","-"]
["Área das UPAs com (1.000, 2.000] ha","hectare","-","-","-","-","-"]
["Área das UPAs com (2.000, 5.000] ha","hectare","-","-","-","-","-"]
["Área das UPAs com (5.000, 10.000] ha","hectare","-","-","-","-","-"]
["Área das UPAs acima de 10.000 ha","hectare","-","-","-","-","-"]
["Familiares do proprietário que trabalham na UPA","unidade",265,{"v":1,"d":"1.0"},{"v":1.44,"d":"1.4"},{"v":8,"d":"8.0"},{"v":382,"d":"382.0"}]
["Trabalhadores permanentes","unidade",98,{"v":1,"d":"1.0"},{"v":2.64,"d":"2.6"},{"v":60,"d":"60.0"},{"v":259,"d":"259.0"}]
["Fonte: Secretaria de Agricultura e Abastecimento, CDRS/IEA, Projeto LUPA."]
[]
["TABELA 242.2 - Explorações Animais, Município de Ipiguá, Estado de São Paulo, 2007/08."]
["ITEM","UNIDADE","N.DE UPAs","MÍNIMO","MÉDIO","MÁXIMO","TOTAL"]
["Apicultura","colmeias",2,{"v":8,"d":"8.0"},{"v":12,"d":"12.0"},{"v":16,"d":"16.0"},{"v":24,"d":"24.0"}]
["Asininos E Muares","cabeças",3,{"v":2,"d":"2.0"},{"v":3.67,"d":"3.7"},{"v":6,"d":"6.0"},{"v":11,"d":"11.0"}]
["Avicultura de Corte","cabeças/ano",3,{"v":40,"d":"40.0"},{"v":383346.67,"d":"383,346.7"},{"v":800000,"d":"800,000.0"},{"v":1150040,"d":"1,150,040.0"}]
["Avicultura Ornamental/Decorativa/Exótica","cabeças",1,{"v":16,"d":"16.0"},{"v":16,"d":"16.0"},{"v":16,"d":"16.0"},{"v":16,"d":"16.0"}]
["Avicultura para Ovos","cabeças",11,{"v":20,"d":"20.0"},{"v":48764.18,"d":"48,764.2"},{"v":524811,"d":"524,811.0"},{"v":536406,"d":"536,406.0"}]
["Bovinocultura de Corte","cabeças",25,{"v":9,"d":"9.0"},70.8,{"v":300,"d":"300.0"},{"v":1770,"d":"1,770.0"}]
["Bovinocultura Leiteira","cabeças",55,{"v":1,"d":"1.0"},{"v":31.29,"d":"31.3"},{"v":150,"d":"150.0"},{"v":1721,"d":"1,721.0"}]
["Bovinocultura Mista","cabeças",126,{"v":1,"d":"1.0"},{"v":33.18,"d":"33.2"},{"v":350,"d":"350.0"},{"v":4181,"d":"4,181.0"}]
["Bubalinocultura","cabeças",2,{"v":8,"d":"8.0"},{"v":9,"d":"9.0"},{"v":10,"d":"10.0"},{"v":18,"d":"18.0"}]
["Caprinocultura","cabeças",2,{"v":6,"d":"6.0"},10.5,{"v":15,"d":"15.0"},{"v":21,"d":"21.0"}]
["Equinocultura","cabeças",87,{"v":1,"d":"1.0"},{"v":2.97,"d":"3.0"},{"v":23,"d":"23.0"},{"v":258,"d":"258.0"}]
["Javalis (Criadouro)","cabeças",1,{"v":6,"d":"6.0"},{"v":6,"d":"6.0"},{"v":6,"d":"6.0"},{"v":6,"d":"6.0"}]
["Minhocultura","canteiros",2,{"v":6,"d":"6.0"},{"v":13,"d":"13.0"},{"v":20,"d":"20.0"},{"v":26,"d":"26.0"}]
["Ovinocultura","cabeças",15,{"v":2,"d":"2.0"},{"v":47.27,"d":"47.3"},{"v":410,"d":"410.0"},{"v":709,"d":"709.0"}]
["Piscicultura","m² tanques",1,{"v":6,"d":"6.0"},{"v":6,"d":"6.0"},{"v":6,"d":"6.0"},{"v":6,"d":"6.0"}]
["Sericicultura","gramas larvas/ano",1,{"v":6,"d":"6.0"},{"v":6,"d":"6.0"},{"v":6,"d":"6.0"},{"v":6,"d":"6.0"}]
["Suinocultura","cabeças",62,{"v":1,"d":"1.0"},{"v":27.66,"d":"27.7"},{"v":700,"d":"700.0"},{"v":1715,"d":"1,715.0"}]
["Fonte: Secretaria de Agricultura e Abastecimento, CDRS/IEA, Projeto LUPA."]
[]
["TABELA 242.3 -  Máquinas, Implementos e Benfeitorias, Município de Ipiguá, Estado de São Paulo, 2007/08."]
["ITEM","UNIDADE","N.DE UPAs","MÍNIMO","MÉDIO","MÁXIMO","TOTAL"]
["Arado Comum (Bacia, Aiveca)","Unidade",55,{"v":1,"d":"1.0"},{"v":1.07,"d":"1.1"},{"v":4,"d":"4.0"},{"v":59,"d":"59.0"}]
["Arado Escarificador","Unidade",5,{"v":1,"d":"1.0"},1.2,{"v":2,"d":"2.0"},{"v":6,"d":"6.0"}]
["Arado Subsolador","Unidade",8,{"v":1,"d":"1.0"},{"v":1,"d":"1.0"},{"v":1,"d":"1.0"},{"v":8,"d":"8.0"}]
["Batedeira de Cereais","Unidade",1,{"v":1,"d":"1.0"},{"v":1,"d":"1.0"},{"v":1,"d":"1.0"},{"v":1,"d":"1.0"}]
["Carregadeira de Cana","Unidade",5,{"v":1,"d":"1.0"},{"v":1,"d":"1.0"},{"v":1,"d":"1.0"},{"v":5,"d":"5.0"}]
["Colhedeira Acoplada","Unidade",2,{"v":1,"d":"1.0"},{"v":1,"d":"1.0"},{"v":1,"d":"1.0"},{"v":2,"d":"2.0"}]
["Computador","Unidade",3,{"v":1,"d":"1.0"},{"v":9,"d":"9.0"},{"v":20,"d":"20.0"},{"v":27,"d":"27.0"}]
["Conj.Irrigação Convencional","Unidade",11,{"v":1,"d":"1.0"},{"v":1,"d":"1.0"},{"v":1,"d":"1.0"},{"v":11,"d":"11.0"}]
["Conj.Irrigação/Gotejamento/Microaspersão","Unidade",10,{"v":1,"d":"1.0"},1.1,{"v":2,"d":"2.0"},{"v":11,"d":"11.0"}]
["Desintegrador, Picador, Triturador","Unidade",103,{"v":1,"d":"1.0"},{"v":1.05,"d":"1.1"},{"v":2,"d":"2.0"},{"v":108,"d":"108.0"}]
["Distribuidor de Calcário","Unidade",18,{"v":1,"d":"1.0"},{"v":1,"d":"1.0"},{"v":1,"d":"1.0"},{"v":18,"d":"18.0"}]
["Ensiladeira","Unidade",24,{"v":1,"d":"1.0"},{"v":1,"d":"1.0"},{"v":1,"d":"1.0"},{"v":24,"d":"24.0"}]
["Grade Aradora (Tipo Romi)","Unidade",37,{"v":1,"d":"1.0"},{"v":1.46,"d":"1.5"},{"v":12,"d":"12.0"},{"v":54,"d":"54.0"}]
["Grade Niveladora","Unidade",42,{"v":1,"d":"1.0"},{"v":1,"d":"1.0"},{"v":1,"d":"1.0"},{"v":42,"d":"42.0"}]
["Misturador de Ração","Unidade",5,{"v":1,"d":"1.0"},1.2,{"v":2,"d":"2.0"},{"v":6,"d":"6.0"}]
["Ordenhadeira Mecânica","Unidade",14,{"v":1,"d":"1.0"},{"v":1,"d":"1.0"},{"v":1,"d":"1.0"},{"v":14,"d":"14.0"}]
["Pulverizador Tratorizado","Unidade",44,{"v":1,"d":"1.0"},{"v":1.36,"d":"1.4"},{"v":6,"d":"6.0"},{"v":60,"d":"60.0"}]
["Resfriador de Leite, Tanque Expansão","Unidade",12,{"v":1,"d":"1.0"},{"v":1,"d":"1.0"},{"v":1,"d":"1.0"},{"v":12,"d":"12.0"}]
["Semeadeira/Adubadeira para Plantio Convencional","Unidade",25,{"v":1,"d":"1.0"},{"v":1,"d":"1.0"},{"v":1,"d":"1.0"},{"v":25,"d":"25.0"}]
["Semeadeira/Plantadeira Plantio Direto","Unidade",3,{"v":1,"d":"1.0"},{"v":1,"d":"1.0"},{"v":1,"d":"1.0"},{"v":3,"d":"3.0"}]
["Terraceador","Unidade",1,{"v":1,"d":"1.0"},{"v":1,"d":"1.0"},{"v":1,"d":"1.0"},{"v":1,"d":"1.0"}]
["Trator de Pneus","Unidade",112,{"v":1,"d":"1.0"},{"v":1.54,"d":"1.5"},{"v":23,"d":"23.0"},{"v":172,"d":"172.0"}]
["Açude/Represa","Unidade",59,{"v":1,"d":"1.0"},{"v":1.27,"d":"1.3"},{"v":8,"d":"8.0"},{"v":75,"d":"75.0"}]
["Almoxarifado/Oficina","Unidade",7,{"v":1,"d":"1.0"},{"v":1,"d":"1.0"},{"v":1,"d":"1.0"},{"v":7,"d":"7.0"}]
["Armazém para Grãos Ensacados","Sacas",10,{"v":1,"d":"1.0"},175.6,{"v":500,"d":"500.0"},{"v":1756,"d":"1,756.0"}]
["Balança para Bovinos","Unidade",1,{"v":1,"d":"1.0"},{"v":1,"d":"1.0"},{"v":1,"d":"1.0"},{"v":1,"d":"1.0"}]
["Balança para Veículos","Unidade",2,{"v":1,"d":"1.0"},{"v":1,"d":"1.0"},{"v":1,"d":"1.0"},{"v":2,"d":"2.0"}]
["Barracão para Granja/Avicultura","Unidade",9,{"v":1,"d":"1.0"},{"v":5.67,"d":"5.7"},{"v":30,"d":"30.0"},{"v":51,"d":"51.0"}]
["Barracão/Galpão/Garagem","Unidade",117,{"v":1,"d":"1.0"},{"v":1.12,"d":"1.1"},{"v":3,"d":"3.0"},{"v":131,"d":"131.0"}]
["Casa de Moradia Habitada","Unidade",193,{"v":1,"d":"1.0"},{"v":1.41,"d":"1.4"},{"v":12,"d":"12.0"},{"v":273,"d":"273.0"}]
["Casa de Moradia Total","Unidade",185,{"v":1,"d":"1.0"},{"v":1.62,"d":"1.6"},{"v":7,"d":"7.0"},{"v":299,"d":"299.0"}]
["Curral/Mangueira","Unidade",163,{"v":1,"d":"1.0"},{"v":1.04,"d":"1.0"},{"v":4,"d":"4.0"},{"v":169,"d":"169.0"}]
["Depósito/Tulha","Unidade",135,{"v":1,"d":"1.0"},1.1,{"v":2,"d":"2.0"},{"v":149,"d":"149.0"}]
["Estábulo","Unidade",10,{"v":1,"d":"1.0"},1.3,{"v":2,"d":"2.0"},{"v":13,"d":"13.0"}]
["Estufa/Plasticultura","m²",5,{"v":1,"d":"1.0"},{"v":1320.4,"d":"1,320.4"},{"v":5000,"d":"5,000.0"},{"v":6602,"d":"6,602.0"}]
["Fábrica de Ração","Unidade",4,{"v":1,"d":"1.0"},{"v":1,"d":"1.0"},{"v":1,"d":"1.0"},{"v":4,"d":"4.0"}]
["Instalações para Equinos","Unidade",1,{"v":1,"d":"1.0"},{"v":1,"d":"1.0"},{"v":1,"d":"1.0"},{"v":1,"d":"1.0"}]
["Packing House","Unidade",1,{"v":1,"d":"1.0"},{"v":1,"d":"1.0"},{"v":1,"d":"1.0"},{"v":1,"d":"1.0"}]
["Pocilga","Unidade",35,{"v":1,"d":"1.0"},1.2,{"v":6,"d":"6.0"},{"v":42,"d":"42.0"}]
["Poço Semi-Artesiano","Unidade",155,{"v":1,"d":"1.0"},{"v":1.11,"d":"1.1"},{"v":4,"d":"4.0"},{"v":172,"d":"172.0"}]
["Secador de Grãos","Unidade",2,{"v":1,"d":"1.0"},{"v":1,"d":"1.0"},{"v":1,"d":"1.0"},{"v":2,"d":"2.0"}]
["Silo para Grãos","t",2,{"v":100,"d":"100.0"},{"v":350,"d":"350.0"},{"v":600,"d":"600.0"},{"v":700,"d":"700.0"}]
["Silo para Silagem","t",10,{"v":5,"d":"5.0"},{"v":167,"d":"167.0"},{"v":600,"d":"600.0"},{"v":1670,"d":"1,670.0"}]
["Terreiro","m²",35,{"v":1,"d":"1.0"},{"v":104.71,"d":"104.7"},{"v":400,"d":"400.0"},{"v":3665,"d":"3,665.0"}]
["Fonte: Secretaria de Agricultura e Abastecimento, CDRS/IEA, Projeto LUPA."]
[]
["TABELA 242.4 - Outras Estatísticas Agrícolas, Município de Ipiguá, Estado de São Paulo, 2007/08."]
["ITEM","Número de UPAs",null,"Percentual"]
["Faz Parte de Associação de Produtores",199,null,{"v":65.46052631578948,"d":"65.5"}]
["Faz Parte de Cooperativa de Produtores",241,null,{"v":79.27631578947368,"d":"79.3"}]
["Faz Parte do Sindicato de Produtores",138,null,{"v":45.39473684210527,"d":"45.4"}]
["Não utiliza assistência técnica ",37,null,{"v":12.171052631578947,"d":"12.2"}]
["Utiliza somente assistência técnica governamental ",221,null,{"v":72.69736842105263,"d":"72.7"}]
["Utiliza somente assistência técnica privada ",5,null,{"v":1.644736842105263,"d":"1.6"}]
["Utiliza assistência técnica tanto governamental quanto privada",41,null,{"v":13.486842105263158,"d":"13.5"}]
["Utiliza Crédito Rural",29,null,{"v":9.539473684210527,"d":"9.5"}]
["Utiliza Seguro Rural",9,null,{"v":2.9605263157894735,"d":"3.0"}]
["Utiliza Escrituração Agrícola",86,null,{"v":28.289473684210527,"d":"28.3"}]
["Acessa Internet p/ Fins na Agropecuária",7,null,{"v":2.3026315789473686,"d":"2.3"}]
["Utiliza Computador nas Atividades Agropecuárias",7,null,{"v":2.3026315789473686,"d":"2.3"}]
["Utiliza Energia Elétrica Para Uso na Atividade Agrícola",276,null,{"v":90.78947368421052,"d":"90.8"}]
["Realiza Análise de Solo, quando necessário",192,null,{"v":63.15789473684211,"d":"63.2"}]
["Utiliza Práticas de Conservação de Solo, quando necessário",263,null,{"v":86.51315789473684,"d":"86.5"}]
["Faz Adubação Mineral, quando necessário",191,null,{"v":62.828947368421055,"d":"62.8"}]
["Faz Adubação Orgânica, quando necessário",135,null,{"v":44.4078947368421,"d":"44.4"}]
["Faz Adubação Verde, quando necessário",11,null,{"v":3.6184210526315788,"d":"3.6"}]
["Utiliza Manejo Integrado de Pragas (MIP)","-",null,"-"]
["Utiliza Hidroponia",2,null,{"v":0.6578947368421053,"d":"0.7"}]
["Utiliza Plasticultura",4,null,{"v":1.3157894736842106,"d":"1.3"}]
["Utiliza Mudas Fiscalizadas",124,null,{"v":40.78947368421053,"d":"40.8"}]
["Utiliza Semente Melhorada",116,null,{"v":38.15789473684211,"d":"38.2"}]
["Faz Confinamento de Bovinos",12,null,{"v":3.9473684210526314,"d":"3.9"}]
["Utiliza Pastejo Intensivo",157,null,{"v":51.64473684210527,"d":"51.6"}]
["Faz Inseminação Artificial",7,null,{"v":2.3026315789473686,"d":"2.3"}]
["Faz Mineralização do Rebanho",161,null,{"v":52.96052631578947,"d":"53.0"}]
["Faz Vermifugação do Rebanho",163,null,{"v":53.61842105263158,"d":"53.6"}]
["Possui Parceiros /Arrendatários na Exploração Animal",9,null,{"v":2.9605263157894735,"d":"3.0"}]
["Esporte e lazer","-",null,"-"]
["Extração mineral","-",null,"-"]
["Hotel Fazenda, Pousada ou SPA","-",null,"-"]
["Pesque-pague","-",null,"-"]
["Restaurante ou Lanchonete","-",null,"-"]
["Transformação artesanal","-",null,"-"]
["Turismo rural ou ecoturismo","-",null,"-"]
["Outras atividades econômicas rurais","-",null,"-"]
["Agroindústria","-",null,"-"]
["Proprietário sem instrução ou com instrução incompleta",22,null,{"v":7.2368421052631575,"d":"7.2"}]
["Proprietário com antigo primário completo",114,null,37.5]
["Proprietário com 1° grau (ou antigo ginasial) completo",30,null,{"v":9.868421052631579,"d":"9.9"}]
["Proprietário com 2° grau (ou antigo colegial) completo",60,null,{"v":19.736842105263158,"d":"19.7"}]
["Proprietário com curso superior completo ",78,null,{"v":25.657894736842106,"d":"25.7"}]
["Pessoa Jurídica","-",null,"-"]
["Proprietário residente na própria UPA ",74,null,{"v":24.342105263157894,"d":"24.3"}]
["Fonte: Secretaria de Agricultura e Abastecimento, CDRS/IEA, Projeto LUPA."]
[]
["TABELA 242.5 - Área Cultivada, Município de Ipiguá, Estado de São Paulo, 2007/08."]
["CULTURA","N.DE UPAs","MÍNIMO","MÉDIO","MÁXIMO","TOTAL"]
["Braquiaria",251,0.8,{"v":26.97,"d":"27.0"},420.3,{"v":6768.5,"d":"6,768.5"}]
["Cana-de-acucar",83,0.1,27.8,{"v":246,"d":"246.0"},{"v":2307.6,"d":"2,307.6"}]
["Laranja",31,0.1,{"v":31.53,"d":"31.5"},155.2,977.3]
["Milho",63,0.1,{"v":10.17,"d":"10.2"},143.3,640.9]
["Seringueira",24,{"v":3,"d":"3.0"},{"v":16.12,"d":"16.1"},72.2,386.8]
["Coloniao",18,{"v":1,"d":"1.0"},{"v":15.31,"d":"15.3"},{"v":97,"d":"97.0"},275.6]
["Pinus",1,72.6,72.6,72.6,72.6]
["Eucalipto",41,0.1,{"v":1.75,"d":"1.8"},{"v":40,"d":"40.0"},71.7]
["Manga",10,0.2,{"v":4.47,"d":"4.5"},{"v":19,"d":"19.0"},44.7]
["Gramas",6,1.5,7.4,19.4,44.4]
["Abacate",3,0.3,{"v":13.87,"d":"13.9"},39.3,41.6]
["Crotalaria",1,14.5,14.5,14.5,14.5]
["Cafe",11,0.4,{"v":1.28,"d":"1.3"},2.4,14.1]
["Uva fina",1,{"v":12,"d":"12.0"},{"v":12,"d":"12.0"},{"v":12,"d":"12.0"},{"v":12,"d":"12.0"}]
["Alface",6,0.1,{"v":1.35,"d":"1.4"},{"v":7,"d":"7.0"},8.1]
["Tangerina",8,0.1,0.9,2.6,7.2]
["Capim-napier (ou capim-elefante)",6,0.5,{"v":0.85,"d":"0.9"},1.4,5.1]
["Mandioca",2,1.1,{"v":1.75,"d":"1.8"},2.4,3.5]
["Jabuticaba",3,0.5,{"v":1.17,"d":"1.2"},{"v":2,"d":"2.0"},3.5]
["Tangor",3,0.3,{"v":0.87,"d":"0.9"},1.8,2.6]
["Limao",3,0.4,{"v":0.67,"d":"0.7"},{"v":1,"d":"1.0"},{"v":2,"d":"2.0"}]
["Abobora (ou jerimum)",2,0.4,0.8,1.2,1.6]
["Coco-da-baia",2,0.1,{"v":0.55,"d":"0.6"},{"v":1,"d":"1.0"},1.1]
["Abacaxi (ou ananas)",1,{"v":1,"d":"1.0"},{"v":1,"d":"1.0"},{"v":1,"d":"1.0"},{"v":1,"d":"1.0"}]
["Viveiro de flores e ornamentais",1,{"v":1,"d":"1.0"},{"v":1,"d":"1.0"},{"v":1,"d":"1.0"},{"v":1,"d":"1.0"}]
["Fruta-do-conde (ou pinha, ou anona)",1,{"v":1,"d":"1.0"},{"v":1,"d":"1.0"},{"v":1,"d":"1.0"},{"v":1,"d":"1.0"}]
["Outras olericolas",3,0.2,0.3,0.4,0.9]
["Jilo",1,0.4,0.4,0.4,0.4]
["Cebolinha",3,0.1,{"v":0.13,"d":"0.1"},0.2,0.4]
["Maracuja",1,0.4,0.4,0.4,0.4]
["Uva rustica",1,0.4,0.4,0.4,0.4]
["Feijao-vagem (ou vagem, ou feijao-verde)",1,0.4,0.4,0.4,0.4]
["Berinjela",2,0.1,{"v":0.15,"d":"0.2"},0.2,0.3]
["Couve (ou couve-crespa)",3,0.1,0.1,0.1,0.3]
["Fava (ou fava italiana)",1,0.1,0.1,0.1,0.1]
["Beterraba",1,0.1,0.1,0.1,0.1]
["Lima",1,0.1,0.1,0.1,0.1]
["Brocolos (ou brocolis)",1,0.1,0.1,0.1,0.1]
["Acelga",1,0.1,0.1,0.1,0.1]
["Fonte: Secretaria de Agricultura e Abastecimento, CDRS/IEA, Projeto LUPA."]